zpět

Detail výsledku týmu

Kozlovna U Ježka, Ostrava

Datum a čas kvízu

19.5 Celkem bodů Celkový počet nahraných bodů na tomto kvízu bez doplňovacích otázek.
6. Pořadí na kvízu Konečné umístění týmu na tomto kvízu.

Zaznamenané odpovědi

# Otázka Odpověď Body Výsledky
1. Minulé úterý jsme si mohli pov... autismus, modrá barva 0
2. Argentinský prezident Javier M... Falklandské (Malvínské) ostrovy 0
3. Ve středu zveřejnil americký č... Taylor Swift 0
4. Minulý týden jsme se dozvěděli... Portál občana 0
5. Ve středu odstartoval ve Spoje... bronzové medaile 1
6. Nobelovu cenu za objev krevníc... Jan Janský 1
7. Kterým slovem na M se označuje... menarche/menarché 0
8. Vyberte nepravdivé tvrzení: B 1
9. Za půl bodu napište, jak se na... Alexej; hemofilie 0.5
10. Uveďte rodové jméno zvířete, p... makak (makak rhesus) 0